Canadian General Knowledge - Statistics

General Stats
  • This quiz has been taken 12,170 times
  • The average score is 12 of 20
Answer Stats
Question Answer % Correct
On what lake is Toronto located? Lake Ontario
87%
What delicacy is made with french fries, gravy, and cheese curds? Poutine
83%
It comes from trees and Canada is responsible for more than 80% of world production. What is it? Maple syrup
80%
What rapper got his start in the Canadian teen drama "Degrassi: The Next Generation"? Drake
77%
What trophy is earned by the team that wins the NHL playoffs? {Stanley} Cup
77%
What is the national animal of Canada? Beaver
75%
With what country does Canada share Hans Island? Denmark (Greenland)
74%
What bird appears on the Canadian $1 coin? Common loon
65%
Which Canadian city causes some people to giggle because it rhymes with a female body part? Regina
64%
What party does Justin Trudeau belong to? Liberal Party
63%
What does the letter M stand for in RCMP? Mounted
60%
What animal is controversially hunted using a hammer-headed club called a "hakapik"? Seals
59%
What city is connected to Detroit by the Ambassador Bridge? Windsor
47%
What world-famous ski resort is located about 100 kilometers north of Vancouver? Whistler
45%
What time zone is New Brunswick in? Atlantic
44%
What is the last word of the English-language lyrics to the national anthem, "O Canada"? Thee
41%
Who became internationally famous after videos surfaced of him smoking crack cocaine while serving as mayor of Toronto? Rob Ford
37%
Which city in Manitoba is sometimes called the "Polar Bear Capital of the World"? Churchill
30%
What would the Barenaked Ladies still eat even if they had a million dollars? {Kraft} Dinner
26%
Fill in the blank: Quebec City is the only city in Canada or the U.S. that has ____s Wall
21%
No matching quizzes found
Score Distribution
Percent of People with Each Score
Percentile by Number Answered
Your Score History
You have not taken this quiz